000 00396nam a22001337a 4500
082 _a510.1
_bMER
_cL-2;P-57
100 _aGaylord M, Merriman
_938971
245 _aTo discover mathematics
_cMerriman, Gaylord M.
260 _aLondaon :
_bJohn Wiley and Sons,
_c1942.
300 _a435 p. :
_bill. ;
_c14 cm. +
526 _a0
_b0
_c0
_d510_100000000000000_MER
650 _aMCE
_9379
942 _2ddc
_cBK
999 _c543570
_d543570